"QUINTONAHUEL, SEVERINO S/ ABUSO SEXUAL CON ACCESO CARNAL" / (Record no. 1272)
[ view plain ]
| 000 -CABECERA | |
|---|---|
| Campo de control de longitud fija | 01122nam a22003017a 4500 |
| 005 - FECHA Y HORA DE LA ULTIMA TRANSACCION (NR) | |
| Campo de control | 20260420133207.0 |
| 008 - ELEMENTOS DE LONGITUD FIJA -- INFORMACION GENERAL (NR) | |
| Campo de control de longitud fija | 260420b2026 ag ||||| |||| 00| 0 spa d |
| 020 ## - TIPO DE RESOLUCION Y NUMERO | |
| Número de Resolución | TI Sentencia 19/26 fecha 14/4/26 |
| Tipo de Resolución | Sentencias |
| 110 ## - ASIENTO PRINCIPAL--NOMBRE CORPORATIVO (NR) | |
| Nombre corporativo o de jurisdicción como elemento de entrada (NR) | Tribunal de Impugnación |
| 9 (RLIN) | 1 |
| 245 ## - CARATULA | |
| Caratula | "QUINTONAHUEL, SEVERINO S/ ABUSO SEXUAL CON ACCESO CARNAL" / |
| Mención de responsabilidad, etc. (NR) | Tribunal de Impugnación |
| 300 ## - DESCRIPCION FISICA (R) | |
| Extensión (R) | 36 p. |
| Otros detalles físicos (NR) | |
| 518 ## - NOTA DE FECHA/HORA Y LUGAR DE UN EVENTO (R) | |
| Fecha de la Resolución (NR) | 14/4/26 |
| 653 ## - TERMINO DE INDIZACION - NO CONTROLADO (R) | |
| Término de indización no controlado (R) | ABUSO SEXUAL |
| 653 ## - TERMINO DE INDIZACION - NO CONTROLADO (R) | |
| Término de indización no controlado (R) | ACCESO CARNAL |
| 653 ## - TERMINO DE INDIZACION - NO CONTROLADO (R) | |
| Término de indización no controlado (R) | CONVIVENCIA PREEXISTENTE MENOR DE DIECIOCHO AÑOS |
| 653 ## - TERMINO DE INDIZACION - NO CONTROLADO (R) | |
| Término de indización no controlado (R) | MODALIDAD CONTINUADA |
| 653 ## - TERMINO DE INDIZACION - NO CONTROLADO (R) | |
| Término de indización no controlado (R) | PRUEBA DOCUMENTAL |
| 653 ## - TERMINO DE INDIZACION - NO CONTROLADO (R) | |
| Término de indización no controlado (R) | CÁMARA GESELL |
| 653 ## - TERMINO DE INDIZACION - NO CONTROLADO (R) | |
| Término de indización no controlado (R) | TESTIMONIO ÚNICO DE LA VÍCTIMA |
| 653 ## - TERMINO DE INDIZACION - NO CONTROLADO (R) | |
| Término de indización no controlado (R) | COHERENCIA INTERNA Y EXTERNA DEL RELATO |
| 653 ## - TERMINO DE INDIZACION - NO CONTROLADO (R) | |
| Término de indización no controlado (R) | CORROBORACIÓN PERIFÉRICA |
| 700 1# - FIRMANTES - NOMBRE PERSONAL (R) | |
| Nombre personal (NR) | Patricia Romina Lupica Cristo |
| 9 (RLIN) | 48 |
| 700 ## - FIRMANTES - NOMBRE PERSONAL (R) | |
| Nombre personal (NR) | Martini, Florencia María |
| 9 (RLIN) | 11 |
| 700 1# - FIRMANTES - NOMBRE PERSONAL (R) | |
| Nombre personal (NR) | Sommer, Federico Augusto |
| 9 (RLIN) | 14 |
| Término de relación (R) | (DISIDENCIA EN COSTAS) |
| 774 ## - NUMERO DE LEGAJO | |
| Número de Legajo | LEG 281485/23 |
| 856 ## - LOCALIZACION Y ACCESO ELECTRONICOS (R) | |
| Identificador Uniforme del Recurso (“URI”) (R) | <a href="http://jurispenal.jusneuquen.gov.ar/cgi-bin/koha/opac-retrieve-file.pl?id=866fed9ac0db2394ba93701d6f0b8dae">http://jurispenal.jusneuquen.gov.ar/cgi-bin/koha/opac-retrieve-file.pl?id=866fed9ac0db2394ba93701d6f0b8dae</a> |
| Texto del vínculo (R) | texto completo |
| 942 ## - Elementos Agregados (KOHA) | |
| Fuente de clasificación o esquema de estanterías | Dewey Decimal Classification |
| Tipo de material Koha (Default) | Sentencias |
No items available.

